Intenzívne pulzné svetlo - biologické a fyzikálne účinky

Bibliographic Details
Main Authors: Kováčiková, A. Curková (Author), Buchvald, Jozef, 1933- (Author), Sochor, M. (Author)
Format: Article
Language:Slovak

MARC

LEADER 00000nab a2200000uu 4500
001 vtls011135855
003 SK-MaSNL
005 20260303125257.0
008 230218|2010 xo |||||||||||||||||slo|
015 |a SNBRB 
035 |a (urnnbn)urn:nbn:sk:snk:ar-007p14 
035 |a (uuid)b21e9761-c6aa-4d10-8d7e-b0fcca4f1633 
035 |a urn:nbn:sk:snk-abaou8 
040 |a SNKBUCL  |b slo  |c SNKBUCL  |e AACR2 
041 0 |a slo 
044 |a xo  |c SK 
100 1 |a Kováčiková, A. Curková  |4 aut  |9 1143536 
245 1 0 |a Intenzívne pulzné svetlo - biologické a fyzikálne účinky  |c A. Kováčiková Curková, J. Buchvald, M. Sochor 
700 1 |a Buchvald, Jozef,  |d 1933-  |4 aut  |9 189218 
700 1 |a Sochor, M.  |4 aut  |9 784868 
773 0 |t Česko-slovenská dermatologie : časopis dermatovenerologických společností  |g Roč. 85, č. 3 (2010), s. 153-159 
954 |a odborná, vedecká literatúra pôvodná (slovenská)  |2 lita 
958 |a OND 
958 |a EUIPO 
958 |a article14 
999 |c 1933980  |d 1935910